| 000 | 00775cam a22002414a 4500 | ||
|---|---|---|---|
| 008 | 100320s2007 nyu s000 0 eng d | ||
| 020 | _a0536140251 | ||
| 020 | _a9780536140258 | ||
| 040 |
_aEG-GiCUC _beng _cEG-GiCUC |
||
| 092 | 0 | 4 |
_a305.4 _bR2874 _221 |
| 099 |
_a04 _a305.4 R2874 |
||
| 245 | 0 | 0 |
_aReading women's lives / _cCompiled by Kelliann S. Flores. |
| 260 |
_a[Brentwood, NY : _bSuffolk County Community College, _c2007] |
||
| 300 |
_aviii, 306 p. _c21 cm. |
||
| 650 | 0 |
_awomen _xBooks and reading. |
|
| 650 | 0 |
_aWomen _xCrimes against _xBooks and reading. |
|
| 700 | 1 | _aFlores, Kelliann S. | |
| 902 | _a1 | ||
| 905 |
_aEman _eRev. |
||
| 905 |
_aJamal _eCat. |
||
| 942 |
_2ddc _cBK |
||
| 999 |
_c118430 _d118430 |
||